000 01003nam a2200241Ia 4500
999 _c39662
_d39662
001 6264
003 GE_BSU
005 20191104161929.0
008 181216s2007||||ge |||||||||||||| ||geo||
020 _a9789992309013
040 _cGE_BSU
041 _ageo
080 _a72(038) კ-46
100 _aკვირკველია, თენგიზ
_95248
245 _aრუსულ-ქართული ხუროთმოძღვრული განმარტებითი ლექსიკონი
_cთენგიზ კვირკველია ; რედ. გურამ კვირკველია.
264 _aთბილისი,
_c2007
300 _a264 გვ. :
_b ილ. ;
_c21 სმ.
653 _aქართველოლოგია
653 _aლექსიკონი
653 _a ხუროთმოძღვრება
700 _aვირკველია, გურამ
_eრედაქტორი
_95249
942 _cBK
_2udc